A system of logic ratiocinative and inductive : being a connected view of the principles of evidence and the methods of scientific investigation /

Bibliographic Details
Main Author: Mill, John Stuart, 1806-1873
Format: Book
Language:English
Published: New York : Harper, 1884.
Edition:8th ed.
Subjects:

MARC

Tag First Indicator Second Indicator Subfields
LEADER 00000cam a2200000 a 4500
001 in00000088768
005 20151008063235.0
008 821009s1884 nyu b 00010 eng d
035 |a (OCoLC)08847852 
035 |9 AAK1852AM 
040 |a TXA  |c TXA  |d UtOrBLW 
049 |a TXAM  |c [1654918] 
090 |a BC91  |b .M6 1884 
100 1 |a Mill, John Stuart,  |d 1806-1873. 
245 1 2 |a A system of logic ratiocinative and inductive :  |b being a connected view of the principles of evidence and the methods of scientific investigation /  |c by John Stuart Mill. 
250 |a 8th ed. 
264 1 |a New York :  |b Harper,  |c 1884. 
300 |a 659 pages ;  |c 23 cm. 
336 |a text  |b txt  |2 rdacontent 
337 |a unmediated  |b n  |2 rdamedia 
338 |a volume  |b nc  |2 rdacarrier 
504 |a Includes bibliographical references. 
650 0 |a Logic. 
650 0 |a Science  |x Methodology. 
650 0 |a Knowledge, Theory of. 
999 |a MARS 
999 f f |s 43550007-cb90-3ddf-9349-b704c26be512  |i 3c9674bd-8519-3e1c-9e96-7f32ecf15e76  |t 0 
952 f f |p ric  |a Texas A&M University  |b Rellis Campus  |c Joint Library Facility  |d Remote Storage  |t 0  |e BC91 .M6 1884  |h Library of Congress classification  |i unmediated -- volume  |m A14805972673 
998 f f |a BC91 .M6 1884  |t 0  |l Remote Storage